000 00307nam a22001337a 4500
008 170602b xxu||||| |||| 00| 0 eng d
020 _a9780195129960
041 _aeng
080 _25 ED
_a94(7/8)
100 _a17
101 _aSHH
245 _aMODERN LATIN AMERICA
_cSKIDMORE,TH.E
942 _2udc
_cBK
999 _c15802
_d15802